Οι κοινωνικές και οικονομικές επιπτώσεις της δραστηριότητας της Δημόσιας Επιχείρησης Ηλεκτρισμού στην πόλη της Πτολεμαΐδας : από την περίοδο ανάπτυξης έως και τη σημερινή οικονομική κρίση : μεταπτυχιακή διατριβή

Αποθηκεύτηκε σε:
Λεπτομέρειες βιβλιογραφικής εγγραφής
Κύριος συγγραφέας: Δαγκινάκη, Ελισσάβετ
Συγγραφή απο Οργανισμό/Αρχή: Πανεπιστήμιο Αιγαίου Σχολή Κοινωνικών Επιστημών Τμήμα Κοινωνιολογίας Μεταπτυχιακό Πρόγραμμα Σπουδών Έρευνα για την Τοπική Κοινωνική Ανάπτυξη και Συνοχή
Άλλοι συγγραφείς: Ναγόπουλος, Νίκος (Εισηγητής διατριβής)
Μορφή: Thesis Βιβλίο
Γλώσσα:Greek
Δημοσίευση: 2014
Θέματα:
Ετικέτες: Προσθήκη ετικέτας
Δεν υπάρχουν, Καταχωρήστε ετικέτα πρώτοι!

MARC

LEADER 00000cam a2200000 i 4500
001 1/68882
008 150323s2014 gre d
035 |l 10121439 
040 |a GR-MY-UA  |b gre  |e aacr 
041 0 |a gre 
082 0 |a 333.79  |2 (22) 
100 1 |a Δαγκινάκη, Ελισσάβετ. 
245 1 3 |a Οι κοινωνικές και οικονομικές επιπτώσεις της δραστηριότητας της Δημόσιας Επιχείρησης Ηλεκτρισμού στην πόλη της Πτολεμαΐδας :  |b από την περίοδο ανάπτυξης έως και τη σημερινή οικονομική κρίση : μεταπτυχιακή διατριβή /  |c Δαγκινάκη Ι. Ελισσάβετ ; επιβλέπων καθηγητής: Νικόλαος Ναγόπουλος 
260 |c 2014 
300 |a 295 σ.;  |c 30 εκ. 
500 |a Βιβλιογραφία: σ. 192-200 
502 # # |a Διατριβή (μεταπτυχιακή) – Πανεπιστήμιο Αιγαίου, Λέσβος, 2014. 
610 2 0 |a Δημόσια Επιχείρηση Ηλεκτρισμού. 
650 0 0 |a Power-plants  |x Environmental aspects. 
650 0 0 |a Electric power-plants  |z Greece  |z Ptolemais. 
650 0 0 |a Electric power-plants  |x Environmental aspects. 
650 0 0 |a Dissertations, Academic  |z Greece. 
700 1 |4 ths  |a Ναγόπουλος, Νίκος. 
710 2 |a Πανεπιστήμιο Αιγαίου  |b Σχολή Κοινωνικών Επιστημών  |b Τμήμα Κοινωνιολογίας  |b Μεταπτυχιακό Πρόγραμμα Σπουδών Έρευνα για την Τοπική Κοινωνική Ανάπτυξη και Συνοχή. 
852 |a INST  |b LESVOS  |c DIATR  |e 20150323  |h 309  |p 005100056491  |q 005100056491  |t MTXE  |y 23 
852 |a INST  |b LESVOS  |c DIATR  |e 20150323  |h 310  |p 005100056492  |q 005100056492  |t MTXE  |y 23 
901 |a BIBL1-2015-1 
909 |a Λ  |b 192957 
909 |a Λ  |b 192958 
924 |a ΔΑΓΚΙΝΑΚΗ  |b ΕΛΙΣΣΑΒΕΤ  |y ΛΕΣΒΟΣ  |z 2014-09 
970 |a ΤΖΑΦΕΡΗ  |b ΕΥΑΓΓΕΛΙΑ  |z 2015/03/23